Hedgerow survey handbook (Record no. 106811)

MARC details
000 -LEADER
fixed length control field 01235cad a22002295a 4500
001 - CONTROL NUMBER
control field L137539
008 - FIXED-LENGTH DATA ELEMENTS--GENERAL INFORMATION
fixed length control field 070413s2007 xxkdko f f000 0 eng d
035 ## - SYSTEM CONTROL NUMBER
System control number (Sirsi) u137539
041 0# - LANGUAGE CODE
Language code of text/sound track or separate title eng
050 04 - LIBRARY OF CONGRESS CALL NUMBER
Classification number 631.27 $2 18
245 00 - TITLE STATEMENT
Title Hedgerow survey handbook
Remainder of title a standard procedure for local surveys in the UK
-- prepared on behalf of the Steering Group for the UK Biodiversity Action Plan for Hedgerows
Medium [electronic resource]
250 ## - EDITION STATEMENT
Edition statement 2nd ed.
260 ## - PUBLICATION, DISTRIBUTION, ETC.
Place of publication, distribution, etc. London
Name of publisher, distributor, etc. DEFRA
Date of publication, distribution, etc. 2007
520 ## - SUMMARY, ETC.
Summary, etc. Sets out a standard way of recording hedgerows, focussing on their wildlife or biodiversity. Takes account of recent advances in understanding what a hedgerow looks like when it is in a good condition for wildlife. Presents a survey method which will give accurate, consistent information on the state of hedgerows at a local level, what the main influences are on their condition and what needs to be done to restore.
590 ## - LOCAL NOTE (RLIN)
Local note KA
650 24 - SUBJECT ADDED ENTRY--TOPICAL TERM
Topical term or geographic name entry element FARMING
650 24 - SUBJECT ADDED ENTRY--TOPICAL TERM
Topical term or geographic name entry element AGRICULTURE
651 #4 - SUBJECT ADDED ENTRY--GEOGRAPHIC NAME
Geographic name United Kingdom
Chronological subdivision
690 ## - LOCAL SUBJECT ADDED ENTRY--TOPICAL TERM (OCLC, RLIN)
Topical term or geographic name as entry element RURAL PRACTICE
856 40 - ELECTRONIC LOCATION AND ACCESS
Uniform Resource Identifier <a href="https://archive.defra.gov.uk/foodfarm/landmanage/landscape/documents/hedgerow-survey-handbook.pdf">https://archive.defra.gov.uk/foodfarm/landmanage/landscape/documents/hedgerow-survey-handbook.pdf</a>
Public note View this item free of charge at archive.defra.gov.uk
942 ## - ADDED ENTRY ELEMENTS (KOHA)
Suppress in OPAC 0
Holdings
Withdrawn status Lost status Source of classification or shelving scheme Damaged status Not for loan Home library Current library Shelving location Date acquired Total Checkouts Full call number Barcode Date last seen Copy number Price effective from Koha item type
    Dewey Decimal Classification     Virtual Virtual Online 13/04/2007   L137539 137539-1001 06/08/2019 1 06/08/2019 Book